000 00517nam a2200181Ia 4500
001 2553
005 20260306144815.0
008 260306t2015||||xx |||||||||||||| ||spa||
041 _aESP
082 _a616.89142
_bF86
100 _aFruzzetti, Alan E.
_eAUT
245 0 _aLa pareja altamente conflictiva:
_bguía de terapia dialéctico-conductual para encontrar paz, intimidad y reconocimiento
260 _c2015
300 _a215 páginas :
_c21 cm.
650 _aGEN
654 _aCPS
942 _cLIB
_dJUS
_fJUS
_2ddc
_n
999 _c2553
_d2553